000 01022nam a2200229 a 4500
001
003 OSt
005 20220303083154.0
008 110824s1939 dr 000 0 spa d
040 _aDO-SdBNP
_bspa
_cBNPHU
082 _a355.37293
_bR426m 1939
_222
110 2 _aRepública Dominicana
_bEjercito Nacional. Cuartel General
_bOficina de Estado Mayor
_958919
245 1 0 _aMemoria que al generalísimo Rafael L. Trujillo Molina, comandante en jefe del Ejercito Nacional :
_brinde el general de brigada, jefe del Estado Mayor Héctor B. Trujillo Molina M.M. de la labor realizada por el ejercito durante el año 1937
260 _aCiudad Trujillo, República Dominicana :
_bEjercito Nacional,
_c1937.
300 _a221 p. :
_c29 cm.
500 _aTítulo tomado de la cubierta
590 _aInventariado, 2020/VM
610 1 4 _aRepública Dominicana.
_bEjercito Nacional .
_958697
700 _aTrujillo Molina M.M, Héctor B.
_977632
910 _aValidado. Control de calidad MFF
942 _2ddc
_cLBS1
999 _c49296
_d49296